000
00197nam a2200097Ia 4500
008
190216s9999||||xx |||||||||||||| ||und||
100
_a
Chopanam
245
4
_a
The Algae
260
_b
Null
942
_c
BK
999
_c
1218
_d
1218